000 00403nam a22001451a 4500
082 _aM2
_bVAS/T
100 _aVasudevan Pillai Vayala
_969452
245 _aThulaseevanam/
_cby Vasudevan Pillai Vayala
260 _aKottayam:
_bVayala Vasudevan Pillai,
_c1979.
300 _a83p.
650 _aDrama Malayalam
_969453
650 _aLiterature Malayalam
_969454
650 _aLiterature
_969455
942 _cBK
999 _c47138
_d47138